[Event "Copenhagen Chess Challenge 2017"]
[Site "Ballerup"]
[Date "2017.05.14"]
[Round "8.7"]
[White "O'Gorman, Tom"]
[Black "Percivaldi, Martin"]
[Result "0-1"]
[WhiteElo "2229"]
[BlackElo "2421"]
[PlyCount "134"]
[EventDate "2017.05.10"]

1. e4 e6 2. d4 d5 3. Nd2 c5 4. exd5 Qxd5 5. Ngf3 cxd4 6. Bc4 Qd6 7. O-O Nf6 8.
Nb3 Nc6 9. Nbxd4 Nxd4 10. Nxd4 a6 11. Re1 Qc7 12. Qe2 Bd6 13. Bg5 O-O 14. Bd3
Nd5 15. g3 Nb4 16. Be4 f5 17. Bg2 e5 18. Nf3 Re8 19. a3 Nc6 20. c4 e4 21. c5
Bf8 22. b4 Be6 23. Nd2 a5 24. Rab1 axb4 25. axb4 Ra4 26. Qb5 Rea8 27. Be3 Ne7
28. Bf4 Qc6 29. Bf1 Nd5 30. Qxc6 bxc6 31. b5 Nxf4 32. gxf4 Bxc5 33. bxc6 Ra2
34. Rec1 Bd6 35. Nc4 Bxf4 36. Rd1 Rc2 37. Rb4 Rc8 38. Nd6 Bxd6 39. Rxd6 R2xc6
40. Rxc6 Rxc6 41. Rb7 Rd6 42. Kg2 Rd7 43. Rb6 Kf7 44. Kg3 Rc7 45. Bb5 Kf6 46.
h4 Ke5 47. Ba6 Rc3+ 48. Kg2 h6 49. h5 Bf7 50. Be2 Rc7 51. f3 exf3+ 52. Bxf3 Kf4
53. Rb4+ Kg5 54. Rb5 Rc2+ 55. Kg3 Rc3 56. Kg2 Bxh5 57. Bxh5 Kxh5 58. Rxf5+ Kg4
59. Ra5 Rc2+ 60. Kg1 g5 61. Ra6 Kh5 62. Rb6 g4 63. Ra6 Kg5 64. Ra8 h5 65. Rb8
Kh4 66. Ra8 Kh3 67. Ra5 h4 0-1

[Event "Copenhagen Chess Challenge 2017"]
[Site "Ballerup"]
[Date "2017.05.14"]
[Round "8.8"]
[White "Reimanis, Ritvars"]
[Black "Hagen, Andreas Skytte"]
[Result "0-1"]
[WhiteElo "2302"]
[BlackElo "2389"]
[PlyCount "52"]
[EventDate "2017.05.10"]

1. d4 Nf6 2. c4 g6 3. f3 Nc6 4. d5 Ne5 5. e4 d6 6. Ne2 Bg7 7. Nec3 O-O 8. Be2
c6 9. Be3 e6 10. O-O exd5 11. cxd5 cxd5 12. exd5 Re8 13. Qd2 Bf5 14. a4 Qa5 15.
Na3 a6 16. g4 Bd7 17. b4 Qd8 18. h3 Rc8 19. Rac1 h5 20. Kg2 hxg4 21. hxg4 Nexg4
22. fxg4 Rxc3 23. Qxc3 Nxd5 24. Qxg7+ Kxg7 25. Bd4+ Kf8 26. Bf3 Qg5 0-1

[Event "Copenhagen Chess Challenge 2017"]
[Site "Ballerup"]
[Date "2017.05.14"]
[Round "8.9"]
[White "Pfreundt, Jakob"]
[Black "Kleinman, Michael"]
[Result "1/2-1/2"]
[WhiteElo "2388"]
[BlackElo "2335"]
[PlyCount "96"]
[EventDate "2017.05.10"]

1. d4 Nf6 2. Nf3 g6 3. Bg5 Bg7 4. Nbd2 O-O 5. c3 d5 6. e3 Nbd7 7. Be2 Re8 8.
Bh4 e5 9. Bg3 exd4 10. cxd4 c6 11. Ne5 Qb6 12. Qb3 Nxe5 13. Bxe5 Ne4 14. Bxg7
Qa5 15. Qc2 Kxg7 16. Bd3 Bf5 17. a3 Qxd2+ 18. Qxd2 Nxd2 19. Kxd2 Bxd3 20. Kxd3
a5 21. b4 Rec8 22. Rhc1 Kf6 23. b5 cxb5 24. Rc5 Rxc5 25. dxc5 b6 26. Kd4 bxc5+
27. Kxc5 b4 28. axb4 Rc8+ 29. Kxd5 axb4 30. g4 Kg5 31. f3 b3 32. Rb1 Rb8 33.
Rb2 h5 34. gxh5 Kxh5 35. Ke5 Rb5+ 36. Kd4 Kh4 37. Kc4 Rb8 38. Kc3 g5 39. Kc4
Rb6 40. Kd4 Rb5 41. Ke4 f6 42. Kd3 Kh3 43. Kd4 Kh4 44. Kd3 Kh3 45. Kd4 Rb8 46.
Ke4 Rb5 47. Kd4 Rf5 48. Ke4 Rb5 1/2-1/2

[Event "Copenhagen Chess Challenge 2017"]
[Site "Ballerup"]
[Date "2017.05.14"]
[Round "8.10"]
[White "Jacobsen, Mikkel Manosri"]
[Black "Aabling Thomsen, Jakob"]
[Result "0-1"]
[WhiteElo "2187"]
[BlackElo "2382"]
[PlyCount "126"]
[EventDate "2017.05.10"]

1. d4 g6 2. Nf3 Bg7 3. Nc3 c6 4. e4 d6 5. h4 Nf6 6. Bf4 Bg4 7. Qd2 b5 8. Nh2
Be6 9. Bd3 Nbd7 10. Bh6 Bxh6 11. Qxh6 Qa5 12. O-O Bc4 13. Bxc4 bxc4 14. Nf3 Ng4
15. Qf4 h5 16. e5 dxe5 17. dxe5 Ndxe5 18. Nxe5 Qxe5 19. Qxe5 Nxe5 20. Rfe1 f6
21. Re4 Rb8 22. Na4 Kf7 23. Rae1 Rhe8 24. f4 Nd7 25. Rxc4 Nb6 26. Nxb6 Rxb6 27.
b3 Rd8 28. a4 Rd5 29. Re3 Rd6 30. Rec3 Ke6 31. a5 Rb5 32. Rxc6 Rxa5 33. Rc7
Ra1+ 34. Kh2 Re1 35. Rxa7 Kf5 36. Rg3 Rdd1 37. Rd3 Rxd3 38. cxd3 Kxf4 39. Ra4+
Kf5 40. d4 Re3 41. Ra7 Kg4 42. b4 Kxh4 43. b5 Rb3 44. Rb7 e6 45. b6 Rb4 46. Rg7
Kg5 47. b7 Kf5 48. Kg3 g5 49. Rc7 Ke4 50. Re7 Rb3+ 51. Kh2 Kf5 52. Rd7 h4 53.
Rc7 Rb2 54. Rc5+ Ke4 55. Rc7 Kxd4 56. Kh3 f5 57. Rg7 Rb3+ 58. Kh2 g4 59. Rd7+
Ke5 60. Kg1 Rb2 61. Kh2 Rb1 62. g3 Rb2+ 63. Kh1 hxg3 0-1

[Event "Copenhagen Chess Challenge 2017"]
[Site "Ballerup"]
[Date "2017.05.14"]
[Round "8.11"]
[White "Hoi, Carsten"]
[Black "Rostgaard, Tobias Valentin"]
[Result "1-0"]
[WhiteElo "2368"]
[BlackElo "2366"]
[PlyCount "41"]
[EventDate "2017.05.10"]

1. d4 Nf6 2. c4 e6 3. Nc3 Bb4 4. e3 O-O 5. Bd3 d5 6. Nge2 c5 7. O-O cxd4 8.
exd4 dxc4 9. Bxc4 Nbd7 10. a3 Be7 11. Nf4 Nb6 12. Bb3 Re8 13. Qd3 Bd7 14. Re1
Bc6 15. Rxe6 fxe6 16. Bxe6+ Kh8 17. Qh3 g5 18. Ng6+ Kg7 19. Bxg5 h5 20. Ne5 Nh7
21. Qxh5 1-0

[Event "Copenhagen Chess Challenge 2017"]
[Site "Ballerup"]
[Date "2017.05.14"]
[Round "8.12"]
[White "Jorgensen, Dennis"]
[Black "Fries Nielsen, Jens Ove"]
[Result "1/2-1/2"]
[WhiteElo "2172"]
[BlackElo "2351"]
[PlyCount "155"]
[EventDate "2017.05.10"]

1. d4 d5 2. Nf3 e6 3. g3 Ne7 4. Bg2 Nf5 5. O-O Be7 6. c4 Nc6 7. Nc3 O-O 8. cxd5
exd5 9. Bf4 Be6 10. Ne5 Nxe5 11. Bxe5 c6 12. Qd3 Nd6 13. Bxd6 Qxd6 14. a3 Rad8
15. Rac1 h5 16. Rfd1 h4 17. e3 hxg3 18. hxg3 Bg4 19. Re1 Rfe8 20. b4 Bg5 21. b5
Re6 22. bxc6 bxc6 23. Ne2 Rh6 24. Nf4 Be7 25. Qf1 g5 26. Nd3 f6 27. Rc3 Kg7 28.
Rec1 Rc8 29. Nb4 Rch8 30. Rxc6 Qd8 31. Rc7 Kg6 32. Nxd5 Bd6 33. Qd3+ f5 34.
R1c6 Kh5 35. Rf7 Rf8 36. Rxf8 Bxf8 37. Rxh6+ Kxh6 38. Qa6+ Qd6 39. Qxa7 Bh5 40.
a4 Be8 41. Qc7 Qxc7 42. Nxc7 Bxa4 43. Ne6 Bd6 44. Bd5 Kg6 45. f4 gxf4 46. gxf4
Bb4 47. Kf2 Kf6 48. Bc4 Bc2 49. Nc7 Be4 50. Ke2 Ba5 51. Ne8+ Ke7 52. Ng7 Kf6
53. Nh5+ Kg6 54. Ng3 Bb7 55. Be6 Be4 56. d5 Kf6 57. Nxe4+ fxe4 58. Bg8 Kg7 59.
Be6 Kf6 60. Bh3 Bb4 61. Bc8 Bc5 62. Bd7 Bb4 63. Bc6 Kf5 64. Kf2 Bc5 65. Bd7+
Kf6 66. Be6 Bb6 67. Bh3 Bc5 68. Ke2 Kg6 69. Kd2 Kf6 70. Bc8 Kg6 71. Bb7 Kf5 72.
Bc6 Bb4+ 73. Ke2 Bc5 74. Bd7+ Kf6 75. f5 Ke5 76. Be6 Be7 77. Kd2 Bc5 78. Ke2
1/2-1/2

[Event "Copenhagen Chess Challenge 2017"]
[Site "Ballerup"]
[Date "2017.05.14"]
[Round "8.13"]
[White "Bjerre, Jonas Buhl"]
[Black "Rebers, Eugene"]
[Result "1-0"]
[WhiteElo "2338"]
[BlackElo "2200"]
[PlyCount "55"]
[EventDate "2017.05.10"]

1. e4 g6 2. d4 Bg7 3. Nc3 d6 4. Be3 a6 5. Qd2 b5 6. h4 Nf6 7. f3 h5 8. O-O-O c6
9. Kb1 Qc7 10. e5 Nd5 11. exd6 Nxc3+ 12. Qxc3 exd6 13. Qd2 Nd7 14. Bf4 Nf6 15.
Re1+ Be6 16. Nh3 O-O 17. Ng5 Bf5 18. Ne4 Rfd8 19. Nxf6+ Bxf6 20. Bg5 Bxg5 21.
hxg5 Re8 22. g4 hxg4 23. Bd3 d5 24. Bxf5 gxf5 25. Reg1 g3 26. Rh3 Re6 27. Rgh1
Rae8 28. g6 1-0

[Event "Copenhagen Chess Challenge 2017"]
[Site "Ballerup"]
[Date "2017.05.14"]
[Round "8.14"]
[White "Lokander, Martin"]
[Black "Itkin, David"]
[Result "1-0"]
[WhiteElo "2333"]
[BlackElo "2118"]
[PlyCount "69"]
[EventDate "2017.05.10"]

1. c4 g6 2. Nc3 Bg7 3. d4 Nf6 4. e4 d6 5. Nf3 O-O 6. Be2 e5 7. d5 Nbd7 8. Be3
Nc5 9. Nd2 a5 10. g4 c6 11. h4 Ne8 12. h5 h6 13. Nf1 f5 14. dxc6 Nf6 15. exf5
gxf5 16. gxf5 bxc6 17. Ng3 Nh7 18. Qd2 Qf6 19. O-O-O Bxf5 20. Qxd6 Ne6 21. Nxf5
Qxf5 22. Bd3 Qf6 23. Ne4 Qf7 24. Rhg1 Rfd8 25. Qxe5 Nhg5 26. Nxg5 Nxg5 27. Qf5
Qb7 28. Rd2 Rf8 29. Qg4 Nf3 30. Qg6 Rf7 31. Qh7+ Kf8 32. Bc5+ Ke8 33. Qg8+ Bf8
34. Bg6 Nxd2 35. Qxf8+ 1-0

[Event "Copenhagen Chess Challenge 2017"]
[Site "Ballerup"]
[Date "2017.05.14"]
[Round "8.15"]
[White "Eriksson, Christian Altenburg"]
[Black "Kristensen, Kaare Hove"]
[Result "0-1"]
[WhiteElo "2170"]
[BlackElo "2329"]
[PlyCount "90"]
[EventDate "2017.05.10"]

1. e4 c5 2. Nf3 Nc6 3. Bb5 Nf6 4. Bxc6 dxc6 5. d3 Bg4 6. h3 Bh5 7. b3 Nd7 8.
Bb2 f6 9. e5 Nxe5 10. Bxe5 fxe5 11. Nbd2 Qd5 12. Qe2 O-O-O 13. O-O h6 14. Rae1
g5 15. Qxe5 Rg8 16. g4 Bf7 17. Ne4 b6 18. a4 Bg7 19. Qg3 Rd7 20. Ned2 Be8 21.
Nc4 Bc3 22. Re3 h5 23. Nce5 Rd6 24. Re4 h4 25. Qh2 Re6 26. a5 Kb7 27. a6+ Kxa6
28. Ra4+ Kb7 29. Nc4 a5 30. Nfd2 Bg6 31. Nxb6 Kxb6 32. Nc4+ Kb7 33. Nxa5+ Bxa5
34. Rxa5 Qe5 35. Qg2 Ra8 36. Ra4 Qd5 37. Qh2 Qd6 38. Qg2 Rxa4 39. bxa4 Re2 40.
Rb1+ Ka7 41. Qf3 Rxc2 42. Qf8 Bxd3 43. a5 Rxf2 44. Qxf2 Bxb1 45. a6 Qg3+ 0-1

[Event "Copenhagen Chess Challenge 2017"]
[Site "Ballerup"]
[Date "2017.05.14"]
[Round "8.30"]
[White "Marthedal, Anton Mehmet Yildiz"]
[Black "Nilssen, Ellen Fredericia"]
[Result "1/2-1/2"]
[WhiteElo "1855"]
[BlackElo "1926"]
[PlyCount "61"]
[EventDate "2017.05.10"]

1. d4 f5 2. c4 Nf6 3. Nc3 g6 4. g3 Bg7 5. Bg2 d6 6. Nf3 O-O 7. O-O Qe8 8. Re1
Nbd7 9. Nb5 Qd8 10. Ng5 Nb8 11. c5 c6 12. Qb3+ d5 13. Nc3 h6 14. Nh3 Kh7 15.
Bf4 Nbd7 16. Rad1 Nh5 17. Bc1 Qe8 18. f3 e5 19. e4 fxe4 20. fxe4 exd4 21. exd5
Nxc5 22. Qa3 Qf7 23. Qxc5 Bxh3 24. Rf1 Qd7 25. dxc6 Rxf1+ 26. Rxf1 bxc6 27.
Bxc6 Rc8 28. Bxd7 Rxc5 29. Bxh3 dxc3 30. bxc3 Rxc3 31. Be6 1/2-1/2

[Event "Copenhagen Chess Challenge 2017"]
[Site "Ballerup"]
[Date "2017.05.14"]
[Round "8.31"]
[White "Larsen, Preben R"]
[Black "Steenstrup, Svend"]
[Result "0-1"]
[WhiteElo "1841"]
[BlackElo "1916"]
[PlyCount "97"]
[EventDate "2017.05.10"]

1. c4 e5 2. Nc3 Nf6 3. Nf3 Nc6 4. d4 exd4 5. Nxd4 Bb4 6. Bg5 h6 7. Bh4 g5 8.
Bg3 d6 9. a3 Bc5 10. Nxc6 bxc6 11. b4 Bb6 12. c5 dxc5 13. Qxd8+ Kxd8 14. Be5
Ke7 15. e3 Rd8 16. Bc4 cxb4 17. axb4 Be6 18. Ba6 Nd5 19. Nxd5+ Rxd5 20. Bc3
Rad8 21. Ke2 Bf5 22. Rhd1 Bc2 23. Rd2 Rxd2+ 24. Bxd2 f5 25. Rc1 Be4 26. f3 Bd5
27. Bc3 g4 28. Rg1 f4 29. Bd4 Bxd4 30. exd4 h5 31. Bd3 Kd6 32. Kd2 Re8 33. fxg4
hxg4 34. h3 g3 35. Be2 Re4 36. Kd3 Re3+ 37. Kd2 Rb3 38. h4 Rxb4 39. h5 Rxd4+
40. Kc3 Re4 41. Bd3 Re8 42. h6 Rh8 43. h7 Kc5 44. Re1 Bxg2 45. Re5+ Bd5 46. Rg5
g2 47. Kd2 Kd4 48. Ke2 f3+ 49. Kd2 0-1

[Event "Copenhagen Chess Challenge 2017"]
[Site "Ballerup"]
[Date "2017.05.14"]
[Round "8.32"]
[White "Van den Brink, Nienke"]
[Black "Bendixen, Daniel"]
[Result "0-1"]
[WhiteElo "1756"]
[BlackElo "1855"]
[PlyCount "112"]
[EventDate "2017.05.10"]

1. Nc3 d5 2. e4 dxe4 3. Nxe4 e6 4. d4 Nf6 5. Ng3 Be7 6. Nf3 O-O 7. Bd3 b6 8.
O-O c5 9. c3 Bb7 10. Qe2 cxd4 11. Nxd4 Nc6 12. Nf3 Qc7 13. Bg5 h6 14. Bd2 Rfd8
15. Rad1 Nb8 16. Rfe1 Nbd7 17. b4 Nf8 18. Ne5 N8d7 19. Nf3 Nd5 20. Qe4 N7f6 21.
Qc4 Qxc4 22. Bxc4 Rac8 23. Bxd5 Bxd5 24. Nd4 Bxa2 25. Ra1 Bc4 26. Be3 a6 27.
Nf3 Nd5 28. Bd4 Bf6 29. Bxf6 Nxf6 30. Ne5 Bb5 31. Rec1 Nd7 32. Nxd7 Rxd7 33.
Ne4 f5 34. Ng3 Kf7 35. Ra2 Rcd8 36. Raa1 Bc4 37. Nf1 f4 38. g3 g5 39. Re1 Rd3
40. Rec1 Kf6 41. Rc2 Rd1 42. Rcc1 R1d3 43. Rc2 e5 44. Kg2 h5 45. Rcc1 e4 46.
Rc2 Kf5 47. Re1 Rd1 48. Rc1 Rxe1 49. Rxe1 Rd3 50. Rc1 e3 51. fxe3 fxe3 52. Re1
Ke4 53. g4 h4 54. h3 Rxc3 55. Nd2+ Kd3 56. Nxc4 Rxc4 0-1

[Event "Copenhagen Chess Challenge 2017"]
[Site "Ballerup"]
[Date "2017.05.14"]
[Round "8.33"]
[White "Liu, Casper Yukun"]
[Black "Kallenbach, Uffe"]
[Result "1-0"]
[WhiteElo "1803"]
[BlackElo "1698"]
[PlyCount "47"]
[EventDate "2017.05.10"]

1. e4 c5 2. Nf3 Nf6 3. Nc3 Nc6 4. d4 cxd4 5. Nxd4 d6 6. f3 Nxd4 7. Qxd4 e5 8.
Qa4+ Bd7 9. Bb5 a6 10. Bxd7+ Qxd7 11. Qxd7+ Kxd7 12. Bg5 Be7 13. Bxf6 Bxf6 14.
Nd5 Bd8 15. O-O-O h5 16. Rd3 Rc8 17. Rhd1 b5 18. Nb4 Be7 19. Rd5 Ra8 20. Nd3
Ke6 21. Nb4 Rhd8 22. Nc6 Bg5+ 23. Kb1 Rd7 24. Nxe5 1-0

[Event "Copenhagen Chess Challenge 2017"]
[Site "Ballerup"]
[Date "2017.05.14"]
[Round "8.34"]
[White "Winther, Bjarke Rosenborg"]
[Black "Christophersen, David"]
[Result "0-1"]
[WhiteElo "1784"]
[BlackElo "1788"]
[PlyCount "42"]
[EventDate "2017.05.10"]

1. e4 c5 2. Nf3 g6 3. d4 cxd4 4. Qxd4 Nf6 5. Nc3 Nc6 6. Qa4 d6 7. e5 Ng4 8. Bb5
Bg7 9. exd6 Qxd6 10. O-O O-O 11. Bf4 e5 12. Ne4 Qc7 13. Bd2 f5 14. Ng3 h6 15.
h3 e4 16. Nh4 Nge5 17. f4 exf3 18. Nxf3 Nxf3+ 19. Rxf3 Nd4 20. Qc4+ Rf7 21.
Qxc7 Nxf3+ 0-1

[Event "Copenhagen Chess Challenge 2017"]
[Site "Ballerup"]
[Date "2017.05.14"]
[Round "8.35"]
[White "Kvaloy, Aksel Bu"]
[Black "Nielsen, Thomas (1994)"]
[Result "1-0"]
[WhiteElo "1706"]
[BlackElo "1582"]
[PlyCount "75"]
[EventDate "2017.05.10"]

1. d4 e6 2. Nf3 Nf6 3. e3 d5 4. Bd3 c5 5. c3 Nc6 6. O-O cxd4 7. exd4 Bd6 8. Qe2
Qc7 9. h3 h6 10. Re1 Bd7 11. Ne5 Rc8 12. Bf4 Bxe5 13. Bxe5 Nxe5 14. Qxe5 O-O
15. Qe2 Bc6 16. Nd2 Rfe8 17. Nf3 Nh5 18. g3 Nf6 19. Ne5 Ne4 20. Bxe4 dxe4 21.
Nxc6 Qxc6 22. Qxe4 Qb5 23. Qe2 Qf5 24. Qd2 f6 25. g4 Qd5 26. Re2 Rcd8 27. b3 b5
28. Rd1 h5 29. Qf4 hxg4 30. hxg4 Qc6 31. g5 Kf7 32. Qg3 Rh8 33. g6+ Ke7 34. Qg2
Qxc3 35. Rde1 Qxd4 36. Qb7+ Qd7 37. Rxe6+ Kf8 38. Qxd7 1-0

[Event "Copenhagen Chess Challenge 2017"]
[Site "Ballerup"]
[Date "2017.05.14"]
[Round "8.36"]
[White "Hentley, Darryl"]
[Black "Sundin, Sven Ingvar"]
[Result "1/2-1/2"]
[WhiteElo "1643"]
[BlackElo "1605"]
[PlyCount "224"]
[EventDate "2017.05.10"]

1. d3 d5 2. Nf3 Nc6 3. b3 Nf6 4. Bb2 Bg4 5. Nbd2 d4 6. h3 Bh5 7. Qc1 e5 8. c3
dxc3 9. Bxc3 Bd6 10. g4 Bg6 11. Qb2 Qe7 12. e4 O-O-O 13. Nc4 Nd7 14. h4 h6 15.
Be2 f6 16. a3 h5 17. g5 f5 18. Nfd2 Rhf8 19. b4 Qe6 20. f3 Rf7 21. Nb3 Rdf8 22.
b5 Ncb8 23. Qc2 fxe4 24. dxe4 Rxf3 25. Nxd6+ Qxd6 26. Bb4 Qb6 27. O-O-O Qe3+
28. Nd2 Bxe4 29. Qxe4 Qxe4 30. Nxe4 R3f4 31. Bxf8 Nxf8 32. Nc5 b6 33. Nd3 Rc4+
34. Kb2 Nbd7 35. Nxe5 Nxe5 36. Bxc4 Nxc4+ 37. Kb3 Nd6 38. Rh2 Nxb5 39. Rc2 Ne6
40. Rf2 Nbd4+ 41. Kc4 b5+ 42. Kd5 c6+ 43. Ke5 c5 44. Rxd4 Nxd4 45. Rf8+ Kb7 46.
Rf7+ Kb6 47. Rxg7 Nf3+ 48. Kd5 Nxh4 49. Rh7 c4 50. Rxh5 Ng2 51. Rh6+ Ka5 52.
Kd4 Ka4 53. Ra6+ Kb3 54. g6 Nh4 55. g7 Nf5+ 56. Ke4 Nxg7 57. Rxa7 Ne6 58. Ke3
Nc5 59. Ra5 Na4 60. Rxb5+ Kxa3 61. Kd2 c3+ 62. Kc2 Ka2 63. Rb3 Nc5 64. Rxc3 Na4
65. Rb3 Nc5 66. Rb5 Na4 67. Rb7 Ka3 68. Rb8 Nc5 69. Rb1 Ka4 70. Kc3 Ne4+ 71.
Kd4 Nd2 72. Ra1+ Kb3 73. Ra8 Nf3+ 74. Ke3 Ne5 75. Rc8 Nc4+ 76. Kd4 Nb2 77. Rb8+
Kc2 78. Rb4 Nd1 79. Rc4+ Kd2 80. Ra4 Kc2 81. Ra1 Nb2 82. Rh1 Kb3 83. Rc1 Kb4
84. Rc5 Kb3 85. Rc7 Na4 86. Rb7+ Kc2 87. Rb5 Nb2 88. Rc5+ Kd2 89. Rc3 Nd1 90.
Ra3 Ke2 91. Ra2+ Kf3 92. Ke5 Nf2 93. Kf5 Ke3 94. Ra3+ Kd4 95. Kf4 Nd3+ 96. Kf5
Nc5 97. Ra1 Nd3 98. Ke6 Nc5+ 99. Kd6 Ne4+ 100. Kc6 Ke5 101. Re1 Kd4 102. Re2
Ke5 103. Re3 Kd4 104. Rh3 Ke5 105. Rh5+ Kd4 106. Rd5+ Ke3 107. Re5 Kd4 108. Re7
Kd3 109. Kd5 Nc3+ 110. Kc5 Ne4+ 111. Kb5 Nc3+ 112. Kb4 Nd5+ 1/2-1/2

[Event "Copenhagen Chess Challenge 2017"]
[Site "Ballerup"]
[Date "2017.05.14"]
[Round "9.16"]
[White "Veng, Johnny"]
[Black "Jorgensen, Dennis"]
[Result "1/2-1/2"]
[WhiteElo "2277"]
[BlackElo "2172"]
[PlyCount "63"]
[EventDate "2017.05.10"]

1. d4 Nf6 2. Bf4 e6 3. e3 b6 4. Nd2 Bb7 5. h3 Bd6 6. Bxd6 cxd6 7. Ngf3 O-O 8.
Bd3 d5 9. Qb1 d6 10. c3 Ba6 11. O-O Bxd3 12. Qxd3 Nbd7 13. Rfc1 Rc8 14. a4 Rc7
15. Qb5 Qb8 16. Qb4 Rc6 17. Qb5 Qb7 18. Ne1 a6 19. Qd3 Rfc8 20. Nc2 R6c7 21.
Nb4 Nb8 22. Re1 h6 23. f3 a5 24. Nc2 Re7 25. Na3 Qd7 26. Nb5 Nc6 27. e4 Na7 28.
e5 Ne8 29. Nxa7 Qxa7 30. f4 f5 31. Kh2 dxe5 32. dxe5 1/2-1/2

[Event "Copenhagen Chess Challenge 2017"]
[Site "Ballerup"]
[Date "2017.05.14"]
[Round "9.17"]
[White "Rostgaard, Tobias Valentin"]
[Black "Eriksson, Christian Altenburg"]
[Result "0-1"]
[WhiteElo "2366"]
[BlackElo "2170"]
[PlyCount "92"]
[EventDate "2017.05.10"]

1. e4 c5 2. Nf3 Nc6 3. b3 e5 4. Bb2 d6 5. Nc3 Be7 6. Nd5 Nf6 7. Nxf6+ Bxf6 8.
Bc4 O-O 9. O-O Be6 10. Bxe6 fxe6 11. c3 Qb6 12. Qe2 Rad8 13. d3 d5 14. exd5
exd5 15. c4 dxc4 16. dxc4 Nd4 17. Bxd4 exd4 18. Qd3 Qa5 19. Rfd1 Rfe8 20. a3
Qc3 21. Kf1 g6 22. Rac1 Qa5 23. Ra1 Qc3 24. Qxc3 dxc3 25. Rxd8 Rxd8 26. Ke2 Rd6
27. b4 cxb4 28. axb4 Rb6 29. b5 a6 30. bxa6 bxa6 31. Kd3 Kf7 32. c5 Rc6 33. Kc4
Re6 34. Ra2 Ke7 35. Kd3 Rc6 36. Ra5 Re6 37. Ra2 Rc6 38. Kc4 Re6 39. Kd5 Kd7 40.
h4 h6 41. g3 h5 42. Rc2 a5 43. Kc4 a4 44. Kb5 a3 45. Kc4 Ra6 46. Kb3 a2 0-1

[Event "Copenhagen Chess Challenge 2017"]
[Site "Ballerup"]
[Date "2017.05.14"]
[Round "9.18"]
[White "Brinck Claussen, Bjorn"]
[Black "Andersen, Soren Mikkel"]
[Result "0-1"]
[WhiteElo "2227"]
[BlackElo "2111"]
[PlyCount "57"]
[EventDate "2017.05.10"]

1. d4 d5 2. c4 c6 3. Nf3 Nf6 4. Nc3 e6 5. Bg5 dxc4 6. e4 b5 7. e5 h6 8. Bh4 g5
9. Nxg5 hxg5 10. Bxg5 Nbd7 11. exf6 Bb7 12. g3 Qb6 13. Bg2 O-O-O 14. O-O c5 15.
d5 b4 16. Na4 Qb5 17. a3 exd5 18. axb4 cxb4 19. Qg4 d4 20. Bxb7+ Kxb7 21. Qe4+
Qc6 22. Qxd4 Bd6 23. Bf4 Bxf4 24. Qxf4 Rxh2 25. f3 Rdh8 26. g4 Nb6 27. Qxh2
Rxh2 28. Kxh2 Nxa4 29. Rfe1 0-1

[Event "Copenhagen Chess Challenge 2017"]
[Site "Ballerup"]
[Date "2017.05.14"]
[Round "9.19"]
[White "Rebers, Eugene"]
[Black "Sorensen, Per Settergren"]
[Result "0-1"]
[WhiteElo "2200"]
[BlackElo "1980"]
[PlyCount "88"]
[EventDate "2017.05.10"]

1. Nf3 Nf6 2. g3 g6 3. Bg2 Bg7 4. O-O O-O 5. d3 d6 6. e4 e5 7. b4 h6 8. Nbd2
Bg4 9. Bb2 Qd7 10. Re1 a6 11. c3 Nc6 12. Qb3 Rae8 13. d4 Nh5 14. a4 b6 15. Qc4
Nb8 16. a5 b5 17. Qf1 f5 18. h3 Bxf3 19. Bxf3 f4 20. g4 Nf6 21. dxe5 dxe5 22.
Nb3 Nh7 23. Nc5 Qe7 24. Rad1 Qh4 25. Kh2 Rf7 26. Rd3 Bf6 27. Bd1 Rfe7 28. Bb3+
Kh8 29. Red1 Bg5 30. Qg2 Nf6 31. Rd8 h5 32. gxh5 gxh5 33. f3 Nc6 34. Rxe8+ Nxe8
35. Ne6 Bh6 36. Kh1 Nf6 37. Rg1 Nd8 38. Nxd8 Rg7 39. Nf7+ Kh7 40. Be6 Rxg2 41.
Rxg2 Ng4 42. fxg4 Qxh3+ 43. Kg1 f3 44. Bf5+ Kg7 0-1

[Event "Copenhagen Chess Challenge 2017"]
[Site "Ballerup"]
[Date "2017.05.14"]
[Round "9.20"]
[White "Pakmor, Claus"]
[Black "Thorsbro, Peter"]
[Result "1-0"]
[WhiteElo "1992"]
[BlackElo "2195"]
[PlyCount "73"]
[EventDate "2017.05.10"]

1. e4 c6 2. d4 d5 3. Nc3 dxe4 4. Nxe4 Bf5 5. Ng3 Bg6 6. Nf3 Nd7 7. h4 h6 8. h5
Bh7 9. Bd3 Bxd3 10. Qxd3 e6 11. Bd2 Ngf6 12. O-O-O Bd6 13. Ne4 Nxe4 14. Qxe4
Nf6 15. Qe2 O-O 16. Ne5 Bc7 17. c3 Qd5 18. a3 Qe4 19. Qxe4 Nxe4 20. Be3 Rfd8
21. g4 c5 22. Rhg1 cxd4 23. cxd4 Rac8 24. Kb1 Bb6 25. f3 Ng5 26. f4 Ne4 27. g5
hxg5 28. fxg5 Rd5 29. Rg4 f5 30. gxf6 Nxf6 31. Rg3 Nxh5 32. Rh3 Nf6 33. Rdh1
Kf8 34. Rh8+ Ng8 35. Rf1+ Ke7 36. Rf7+ Kd6 37. Rd7# 1-0

[Event "Copenhagen Chess Challenge 2017"]
[Site "Ballerup"]
[Date "2017.05.14"]
[Round "9.21"]
[White "Moe, Mogens"]
[Black "Slettebo, Jan"]
[Result "1-0"]
[WhiteElo "2185"]
[BlackElo "2020"]
[PlyCount "88"]
[EventDate "2017.05.10"]

1. e4 e5 2. Nf3 Nc6 3. d4 exd4 4. Nxd4 Nf6 5. Nxc6 bxc6 6. e5 Qe7 7. Qe2 Nd5 8.
c4 Nb6 9. Nc3 Qe6 10. Qe4 Bb4 11. Bd2 a5 12. Bd3 Ba6 13. b3 O-O-O 14. O-O d6
15. a3 Bxc3 16. Bxc3 dxe5 17. Rfe1 a4 18. Qf3 Rxd3 19. Qxd3 f6 20. f4 axb3 21.
fxe5 Bxc4 22. Qg3 f5 23. Qxg7 Rg8 24. Qf6 Qd5 25. Qxf5+ Kb7 26. Qf2 Na4 27.
Rac1 Qe6 28. Re3 Bd5 29. Rg3 Nxc3 30. Rcxc3 Rxg3 31. hxg3 Qxe5 32. Qb2 Qd4+ 33.
Kh2 Qb6 34. Rd3 Qb5 35. Rd4 Bc4 36. Rh4 c5 37. a4 Qb4 38. Rf4 Kb6 39. Rf8 Ba6
40. a5+ Kxa5 41. Rf6 Bb5 42. Qa1+ Ba4 43. Qe5 c6 44. Rf8 Qa3 1-0

[Event "Copenhagen Chess Challenge 2017"]
[Site "Ballerup"]
[Date "2017.05.14"]
[Round "9.22"]
[White "Itkin, David"]
[Black "Kistrup, Nicolai"]
[Result "0-1"]
[WhiteElo "2118"]
[BlackElo "2185"]
[PlyCount "98"]
[EventDate "2017.05.10"]

1. e4 e5 2. Nf3 Nc6 3. Nc3 Nf6 4. Be2 d5 5. exd5 Nxd5 6. O-O Nxc3 7. dxc3 Qxd1
8. Rxd1 f6 9. Be3 Be6 10. Nd2 Be7 11. Ne4 Kf7 12. f4 f5 13. Nd2 e4 14. g4 g6
15. gxf5 gxf5 16. Bh5+ Kf6 17. Nb3 Bf7 18. Bxf7 Kxf7 19. Rd7 Rac8 20. Nc5 Rhd8
21. Rad1 Ke8 22. R7d5 Bxc5 23. Bxc5 Ne7 24. Bxe7 Kxe7 25. Re5+ Kf6 26. Rdd5
Rxd5 27. Rxd5 Rg8+ 28. Kf2 Rg4 29. Ke3 Rh4 30. Rd7 Rh3+ 31. Kd4 Rxh2 32. Rxc7
h5 33. Rxb7 h4 34. Rxa7 h3 35. Rh7 Rh1 36. Ke3 h2 37. Kd2 e3+ 38. Kxe3 Re1+ 39.
Kd3 h1=Q 40. Rxh1 Rxh1 41. a4 Rf1 42. Ke3 Re1+ 43. Kf3 Ke6 44. a5 Kd5 45. b4
Kc4 46. Kg3 Kxc3 47. b5 Kb4 48. c4 Kxa5 49. Kh4 Rg1 0-1

[Event "Copenhagen Chess Challenge 2017"]
[Site "Ballerup"]
[Date "2017.05.14"]
[Round "9.23"]
[White "Steenstrup, Svend"]
[Black "Stage Steffensen, Sander"]
[Result "0-1"]
[WhiteElo "1916"]
[BlackElo "1952"]
[PlyCount "78"]
[EventDate "2017.05.10"]

1. d4 Nf6 2. c4 e6 3. Nc3 d5 4. cxd5 exd5 5. Bg5 Be7 6. e3 O-O 7. Bd3 Be6 8.
Qc2 h6 9. Bh4 Nbd7 10. f4 Nb6 11. f5 Bd7 12. Nf3 Ng4 13. Bxe7 Qxe7 14. O-O
Qxe3+ 15. Kh1 Rae8 16. h3 Nf6 17. Rae1 Qf4 18. Ne2 Qd6 19. Ne5 Bc8 20. Nf4 Nbd7
21. Qc3 c5 22. dxc5 Qxc5 23. Nxd7 Qxc3 24. bxc3 Bxd7 25. Rb1 Bc6 26. Kh2 Ne4
27. c4 Nd2 28. cxd5 Nxf1+ 29. Bxf1 Bd7 30. Bd3 b6 31. Ne6 fxe6 32. fxe6 Bc8 33.
Bg6 Re7 34. Bd3 Rd8 35. Bc4 Bb7 36. Rd1 Rd6 37. Kg3 Kh8 38. Rf1 Bxd5 39. Bd3
Rd8 0-1

[Event "Copenhagen Chess Challenge 2017"]
[Site "Ballerup"]
[Date "2017.05.14"]
[Round "9.24"]
[White "Winkler, Finn Lukas"]
[Black "Quinones Maletti, Julio Guillermo"]
[Result "1/2-1/2"]
[WhiteElo "1824"]
[BlackElo "2164"]
[PlyCount "89"]
[EventDate "2017.05.10"]

1. f4 c5 2. Nf3 g6 3. e3 Bg7 4. c4 d6 5. Nc3 Nf6 6. Be2 Bd7 7. b3 Na6 8. Bb2
Nc7 9. O-O O-O 10. Qc2 Rb8 11. h3 b5 12. d3 Qc8 13. Kh2 a5 14. Ne4 a4 15. Bxf6
Bxf6 16. Nxf6+ exf6 17. Nd2 f5 18. cxb5 axb3 19. axb3 Bxb5 20. Nc4 Qe6 21. e4
Rfe8 22. Bf3 fxe4 23. dxe4 Bxc4 24. bxc4 Rb4 25. Rac1 Qf6 26. Qd2 Reb8 27. Rfd1
R8b6 28. e5 dxe5 29. Qd8+ Qxd8 30. Rxd8+ Kg7 31. fxe5 Ne6 32. Rd7 Rb1 33. Rxb1
Rxb1 34. Bd5 Rb6 35. Bxe6 Rxe6 36. Rd5 Rc6 37. Kg3 h6 38. Kf4 Kf8 39. Rd6 Rc7
40. Ke4 Ra7 41. Kd5 Ra2 42. Kxc5 Rxg2 43. Rd3 Ke7 44. Kd5 Ra2 45. Ke4 1/2-1/2